L'écoute des mondes : Une traversée sonore des colloques de Cerisy (notice n° 2033963)
[ vue normale ]
| 000 -LEADER | |
|---|---|
| fixed length control field | 01336cam a2200133 4500500 |
| 005 - DATE AND TIME OF LATEST TRANSACTION | |
| control field | 20260405000125.0 |
| 041 ## - LANGUAGE CODE | |
| Language code of text/sound track or separate title | fre |
| 042 ## - AUTHENTICATION CODE | |
| Authentication code | dc |
| 100 10 - MAIN ENTRY--PERSONAL NAME | |
| Personal name | Tixier, Nicolas |
| Relator term | author |
| 245 00 - TITLE STATEMENT | |
| Title | L'écoute des mondes : Une traversée sonore des colloques de Cerisy |
| 260 ## - PUBLICATION, DISTRIBUTION, ETC. | |
| Name of publisher, distributor, etc. | Hermann,<br/> |
| Date of publication, distribution, etc. | 2025.<br/> |
| 520 ## - SUMMARY, ETC. | |
| Summary, etc. | L’écoute des mondes explore la puissance du sonore à travers neuf textes issus de colloques de Cerisy et de deux autres inédits qui nous invitent à une traversée auditive en trois temps : l’écoute des paysages, l’écoute de l’autre et l’écoute audio-visuelle. Ces approches montrent que l’écoute n’est jamais passive : elle est correspondance, enquête, empathie. Elle brouille les frontières entre sujet et objet pour faire advenir une connaissance ambulatoire du monde à la fois immédiate et profonde.Cet ouvrage est une invitation à tendre l’oreille, à laisser le monde prendre possession de nous, et à découvrir ce qui persiste, la mémoire sonore, toujours prête à renaître.Textes de Pascal Amphoux, Martin Barnier, Michel Benhaïem, Carlotta Darò, Nicolas Frize, Évelyne Gayou, Martin Laliberté, Pauline Nadrigny, Jean-Yves Petiteau, Patrick Romieu, Jean-Paul Thibaud. |
| 856 41 - ELECTRONIC LOCATION AND ACCESS | |
| Uniform Resource Identifier | <a href="https://shs.cairn.info/lecoute-des-mondes--9791037043009?lang=fr&redirect-ssocas=7080">https://shs.cairn.info/lecoute-des-mondes--9791037043009?lang=fr&redirect-ssocas=7080</a> |
Pas d'exemplaire disponible.




Réseaux sociaux